| 000 | 01597cam a22003494a 4500 | ||
|---|---|---|---|
| 001 | 13659207 | ||
| 005 | 20170105102914.0 | ||
| 008 | 040719s2004 nyub 000 0 eng | ||
| 010 | _a 2004056292 | ||
| 020 | _a0743250478 | ||
| 040 |
_aDLC _cDLC _dDLC |
||
| 042 | _apcc | ||
| 043 |
_aa-is--- _aaw----- |
||
| 050 | 0 | 0 |
_aDS119.7 _b.R3655 2004 |
| 082 | 0 | 0 |
_a956.9405 _222 |
| 100 | 1 |
_aRees, Matt, _d1967- |
|
| 245 | 1 | 0 |
_aCain's field : _bfaith, fratricide, and fear in the Middle East / _cMatt Rees. |
| 260 |
_aNew York : _bFree Press, _cc2004. |
||
| 300 |
_a302 p. : _bmap ; _c24 cm. |
||
| 650 | 0 | _aArab-Israeli conflict. | |
| 650 | 0 |
_aArab-Israeli conflict _xReligious aspects _xJudaism. |
|
| 650 | 0 |
_aArab-Israeli conflict _xReligious aspects _xIslam. |
|
| 650 | 0 |
_aPalestinian Arabs _xSocial conditions _y20th century. |
|
| 651 | 0 |
_aIsrael _xSocial conditions _y20th century. |
|
| 856 | 4 | 2 |
_3Publisher description _uhttp://www.loc.gov/catdir/description/simon051/2004056292.html |
| 856 | 4 | 1 |
_3Table of contents only _uhttp://www.loc.gov/catdir/enhancements/fy0631/2004056292-t.html |
| 856 | 4 | 1 |
_3Sample text _uhttp://www.loc.gov/catdir/enhancements/fy0641/2004056292-s.html |
| 856 | 4 | 2 |
_3Contributor biographical information _uhttp://www.loc.gov/catdir/enhancements/fy1111/2004056292-b.html |
| 906 |
_a7 _bcip _corignew _d1 _eocip _f20 _gy-gencatlg |
||
| 942 |
_2ddc _cBK |
||
| 999 |
_c15262 _d15262 |
||